Countries with Alternating Vowels and Consonants - Statistics

General Stats
  • This quiz has been taken 701 times
  • The average score is 21 of 35
Answer Stats
Answer % Correct
4 Letters Peru
81%
6 Letters Canada
80%
4 Letters Oman
80%
5 Letters Japan
79%
4 Letters Fiji
77%
4 Letters Iran
75%
5 Letters Yemen
75%
4 Letters Iraq
74%
4 Letters Togo
73%
4 Letters Mali
72%
6 Letters Mexico
72%
4 Letters Cuba
67%
6 Letters Panama
65%
5 Letters Italy
64%
5 Letters Benin
62%
5 Letters Niger
61%
5 Letters Qatar
58%
5 Letters Nepal
57%
5 Letters Sudan
57%
6 Letters Belize
51%
6 Letters Tuvalu
51%
7 Letters Lebanon
50%
8 Letters Suriname
50%
5 Letters Gabon
49%
7 Letters Bahamas
48%
6 Letters Guyana
48%
6 Letters Monaco
48%
7 Letters Senegal
48%
8 Letters Dominica
47%
8 Letters Kiribati
47%
6 Letters Kosovo
47%
7 Letters Belarus
46%
7 Letters Comoros
46%
6 Letters Malawi
43%
18 Letters United Arab Emirates
35%
No matching quizzes found
Score Distribution
Percent of People with Each Score
Percentile by Number Answered
Your Score History
You have not taken this quiz